MARC details
| 000 -CABECERA |
| campo de control de longitud fija |
01930nam a22002537a 4500 |
| 008 - DATOS DE LONGITUD FIJA--INFORMACIÓN GENERAL |
| campo de control de longitud fija |
251117b |||||||| |||| 00| 0 eng d |
| 020 ## - NÚMERO INTERNACIONAL ESTÁNDAR DEL LIBRO |
| Número Internacional Estándar del Libro |
9781250375087 |
| 040 ## - FUENTE DE LA CATALOGACIÓN |
| Centro/agencia transcriptor |
tbs |
| 041 ## - CÓDIGO DE LENGUA |
| Código de lengua del texto/banda sonora o título independiente |
eng |
| 100 ## - ENTRADA PRINCIPAL--NOMBRE DE PERSONA |
| Nombre de persona |
Stevenson, M. |
| Forma completa/desarrollada del nombre |
(Marina) |
| 9 (RLIN) |
26526 |
| Término indicativo de función/relación |
author |
| 245 ## - MENCIÓN DE TÍTULO |
| Título |
Behooved |
| Mención de responsabilidad, etc. |
/ M. Stevenson. |
| 260 ## - PUBLICACIÓN, DISTRIBUCIÓN, ETC. |
| Lugar de publicación, distribución, etc. |
New York, NY : |
| Nombre del editor, distribuidor, etc. |
Bramble, Tor Publishing Group, |
| Fecha de publicación, distribución, etc. |
2025. |
| 300 ## - DESCRIPCIÓN FÍSICA |
| Extensión |
341 pages ; |
| Dimensiones |
21 cm. |
| 520 ## - SUMARIO, ETC. |
| Sumario, etc. |
A charming slow-burn fantasy featuring a duty-bound noblewoman with a chronic illness, a prince who would rather be in a library than on a throne, and a magical ride through a world of cozy enchantment<br/><br/>Bianca knows her duty comes before her heart. So when the threat of war looms, she agrees to marry the neighboring kingdom’s heir. But not all royal weddings are a fairytale, and Prince Aric, Bianca’s betrothed, is cold, aloof, and seems to hate her on sight.<br/><br/>To make matters worse, on their wedding night, an assassination attempt goes awry—leaving Aric magically transformed into a horse. Bianca does what any bride in this situation would do: she mounts her new husband and rides away to safety.<br/><br/>Sunset returns Aric to human form, but they soon discover the assassination attempt is part of a larger plot against the throne. Worse, Bianca has been framed for Aric’s murder, and she’s now saddled with a husband who is a horse by day and a frustratingly attractive man by night.<br/><br/>As an unexpected romance begins galloping away with their hearts, Bianca and Aric must rely on each other to unravel the curse and save the throne. |
| 650 #0 - PUNTO DE ACCESO ADICIONAL DE MATERIA--TÉRMINO DE MATERIA |
| Término de materia o nombre geográfico como elemento de entrada |
Arranged marriage |
| Subdivisión de forma |
Fiction |
| 9 (RLIN) |
25566 |
| 650 #0 - PUNTO DE ACCESO ADICIONAL DE MATERIA--TÉRMINO DE MATERIA |
| Término de materia o nombre geográfico como elemento de entrada |
Attempted assassination |
| Subdivisión de forma |
Fiction |
| 9 (RLIN) |
26527 |
| 650 #0 - PUNTO DE ACCESO ADICIONAL DE MATERIA--TÉRMINO DE MATERIA |
| Término de materia o nombre geográfico como elemento de entrada |
Horses |
| Subdivisión de forma |
Fiction |
| 9 (RLIN) |
26528 |
| 650 #0 - PUNTO DE ACCESO ADICIONAL DE MATERIA--TÉRMINO DE MATERIA |
| Término de materia o nombre geográfico como elemento de entrada |
Magic |
| Subdivisión de forma |
Fiction |
| 9 (RLIN) |
24059 |
| 650 #0 - PUNTO DE ACCESO ADICIONAL DE MATERIA--TÉRMINO DE MATERIA |
| Término de materia o nombre geográfico como elemento de entrada |
Man-woman relationships |
| Subdivisión de forma |
Fiction |
| 9 (RLIN) |
11134 |
| 650 #0 - PUNTO DE ACCESO ADICIONAL DE MATERIA--TÉRMINO DE MATERIA |
| Término de materia o nombre geográfico como elemento de entrada |
Nobility |
| Subdivisión de forma |
Fiction |
| 9 (RLIN) |
26529 |
| 650 #0 - PUNTO DE ACCESO ADICIONAL DE MATERIA--TÉRMINO DE MATERIA |
| Término de materia o nombre geográfico como elemento de entrada |
Princes |
| Subdivisión de forma |
Fiction |
| 9 (RLIN) |
26530 |
| 655 #0 - TÉRMINO DE INDIZACIÓN--GÉNERO/FORMA |
| Datos o término principal de género/forma |
Fantasy fiction |
| 9 (RLIN) |
22510 |
| 942 ## - ELEMENTOS DE ENTRADA AGREGADA (KOHA) |
| Fuente del sistema de clasificación o colocación |
Clasificación de Library of Congress |